000 00695nam a2200193 i 4500
001 23508
003 ES-MaACL
005 20260203063028.0
007 t|
008 021210s1959 sp ||||1| spa d
100 1 _aAllingham, Margery,
_d1904-1966
_920041
245 1 0 _aNovelas escogidas /
_cMargery Allingham ; prólogo de Salvador Bordoy Luque.
260 _aMadrid :
_bAguilar,
_c1959.
300 _a1275 p. :
_b1 h. lam. retr. autora ;
_c20 cm.
505 8 _aContiene:El cáliz de los Gyrth. Mystery Mile. Duelo en el ballet. Plumas negras. El caso del difunto Pig
700 1 _aBordoy Luque, Salvador.
_930424
852 _aES-MaACL
_jP-720
_bR.44763
999 _c23508
_d23508